[Event "Caribbean-ch"]
[Site "San Andres Islas"]
[Date "2015.05.05"]
[Round "2"]
[White "Rodriguez, Luis Alejandro"]
[Black "Fonseca Orozco, Luis Miguel"]
[Result "1-0"]
[WhiteElo "1991"]
[BlackElo "1986"]
[PlyCount "51"]
[EventDate "2015.05.05"]
[EventType "swiss"]
[EventRounds "6"]
[EventCountry "COL"]
[SourceTitle "CBM 166 Extra"]
[Source "ChessBase"]
[SourceDate "2015.06.18"]
[SourceVersion "1"]
[SourceVersionDate "2015.06.18"]
[SourceQuality "1"]

1. d4 Nf6 2. Nf3 e6 3. c4 d5 4. e3 c5 5. cxd5 exd5 6. Bb5+ Bd7 7. Be2 Nc6 8. 0-0 Bd6 9. dxc5 Bxc5 10. a3 0-0 11. b4 Bb6 12. Bb2 Re8 13. Nbd2 Qe7 14. Nb3 Rad8 15. Nfd4 Ne5 16. Rc1 Ba4 17. Qc2 Ne4 18. Bd3 Bxd4 19. Bxd4 Nxd3 20. Qxd3 Bxb3 21. Qxb3 Nd2 22. Qb2 Nxf1 23. Bxg7 Nxe3 24. Bf6 Nc4 25. Qc3 d4 26. Qg3+ 1-0

[Event "Medellin Flores op 19th"]
[Site "Medellin"]
[Date "2013.08.07"]
[Round "8"]
[White "Martinez, Mauricio"]
[Black "Fonseca Orozco, Luis Miguel"]
[Result "1-0"]
[WhiteElo "2004"]
[BlackElo "1652"]
[PlyCount "125"]
[EventDate "2013.08.03"]
[EventType "swiss"]
[EventRounds "9"]
[EventCountry "COL"]
[SourceTitle "CBM 155 Extra"]
[Source "ChessBase"]
[SourceDate "2013.08.26"]
[SourceVersion "1"]
[SourceVersionDate "2013.08.26"]
[SourceQuality "1"]

1. e4 c5 2. Nf3 d6 3. d4 cxd4 4. Qxd4 Nc6 5. Bb5 Bd7 6. Bxc6 Bxc6 7. c4 Nf6 8. Nc3 g6 9. h3 Bg7 10. Be3 0-0 11. Qd3 Rc8 12. 0-0 a6 13. a3 b5 14. cxb5 axb5 15. Nd4 Ba8 16. Ndxb5 Nd7 17. b4 Ne5 18. Qd1 f5 19. exf5 Rxf5 20. f4 Nc4 21. Bd4 e5 22. fxe5 Rxf1+ 23. Qxf1 dxe5 24. Bc5 Nd2 25. Qf2 Qg5 26. Kh1 Qh6 27. Qe3 Nc4 28. Qg3 Qh5 29. Qg4 Qxg4 30. hxg4 e4 31. a4 Bc6 32. Re1 Rd8 33. Rd1 Rd3 34. Rxd3 exd3 35. Nd4 Bb7 36. Nd1 Kf7 37. b5 Na5 38. Kg1 Ke8 39. Kf2 Kd7 40. Ke3 Bxg2 41. Kxd3 h5 42. gxh5 gxh5 43. Ne3 Bxd4 44. Bxd4 Ba8 45. Bc3 Nb7 46. a5 Nd6 47. b6 Bb7 48. Be1 Kc6 49. Kd4 Kb5 50. Ke5 Nc8 51. Nf5 h4 52. Nd4+ Ka6 53. Ne6 Nxb6 54. Nc7+ Ka7 55. Bf2 h3 56. axb6+ Kb8 57. Bg1 Bg2 58. Nb5 Kb7 59. Nd6+ Ka8 60. Kf6 Bf3 61. Ke7 Bc6 62. Kd8 Bg2 63. Kc7 1-0

[Event "Medellin Flores op 19th"]
[Site "Medellin"]
[Date "2013.08.04"]
[Round "3"]
[White "Fonseca Orozco, Luis Miguel"]
[Black "Prieto, Ernesto"]
[Result "0-1"]
[WhiteElo "1652"]
[BlackElo "2128"]
[PlyCount "57"]
[EventDate "2013.08.03"]
[EventType "swiss"]
[EventRounds "9"]
[EventCountry "COL"]
[SourceTitle "CBM 155 Extra"]
[Source "ChessBase"]
[SourceDate "2013.08.26"]
[SourceVersion "1"]
[SourceVersionDate "2013.08.26"]
[SourceQuality "1"]

1. e4 e5 2. f4 exf4 3. Nf3 g5 4. Bc4 d5 5. Bxd5 c6 6. Bb3 Bg7 7. 0-0 Nh6 8. c3 0-0 9. d4 Bg4 10. Qd3 Nd7 11. h4 Nc5 12. Qc2 Nxb3 13. axb3 f6 14. b4 Be6 15. Ra5 b5 16. Nbd2 Ng4 17. Nb3 Bc4 18. Re1 Qe8 19. Nc5 Qh5 20. Qd1 Bf7 21. Nh2 Nxh2 22. Qxh5 Bxh5 23. Kxh2 h6 24. Ra6 Rfc8 25. Ne6 Bf7 26. Nxg7 Kxg7 27. g3 fxg3+ 28. Kxg3 gxh4+ 29. Kxh4 0-1

[Event "Medellin Flores op 19th"]
[Site "Medellin"]
[Date "2013.08.03"]
[Round "1"]
[White "Fonseca Orozco, Luis Miguel"]
[Black "Orozco Lopez, Lina Yomayra"]
[Result "1-0"]
[WhiteElo "1652"]
[BlackElo "2141"]
[PlyCount "66"]
[EventDate "2013.08.03"]
[EventType "swiss"]
[EventRounds "9"]
[EventCountry "COL"]
[SourceTitle "CBM 155 Extra"]
[Source "ChessBase"]
[SourceDate "2013.08.26"]
[SourceVersion "1"]
[SourceVersionDate "2013.08.26"]
[SourceQuality "1"]

1. e4 c5 2. Nf3 a6 3. d4 cxd4 4. Nxd4 Nf6 5. Nc3 e5 6. Nb3 Bb4 7. Bd3 d5 8. exd5 Nxd5 9. Bd2 Be6 10. 0-0 Nc6 11. a3 Be7 12. Ne4 Nf6 13. Nbc5 Bg4 14. Nxf6+ gxf6 15. Qxg4 Bxc5 16. Qg7 Ke7 17. Kh1 Qd5 18. f3 h5 19. Qg3 Rag8 20. Qe1 Rg7 21. Be4 Qe6 22. f4 Rhg8 23. fxe5 fxe5 24. c4 Bd4 25. Bd5 Qg4 26. Bc3 Rd8 27. Bf3 Qg5 28. Rd1 h4 29. Qe4 f5 30. Qe2 Qg6 31. Rfe1 e4 32. Bxe4 fxe4 33. Qxe4+ Be5 1-0